00351nam a2200145Ia 45000030006000000080041000060400015000471000027000622450021000892500006001102600052001163000006001685460014001740050017001880STCL150530s9999 xx 000 0 und d aSTCLcSTCL aEdasseri Govindan Nair aKaliyum Chiriyum a2 bSahithya Pravarthaka Co Operative Societyc1959 a0 aMalayalam20220125171642.0